Digital design: basic concepts and principles (Record no. 177297)

000 -LEADER
fixed length control field 00380nam a2200133Ia 4500
008 - FIXED-LENGTH DATA ELEMENTS--GENERAL INFORMATION
fixed length control field 220217s9999||||xx |||||||||||||| ||und||
020 ## - INTERNATIONAL STANDARD BOOK NUMBER
International Standard Book Number 1-4200-6131-3
082 ## - DEWEY DECIMAL CLASSIFICATION NUMBER
Classification number 621.395 KAR
100 ## - MAIN ENTRY--PERSONAL NAME
Personal name Karim, Mohammad, A and Chen, Xinghao
245 #0 - TITLE STATEMENT
Title Digital design: basic concepts and principles
260 ## - PUBLICATION, DISTRIBUTION, ETC.
Place of publication, distribution, etc. CRC press
Name of publisher, distributor, etc. Boca Raton
Date of publication, distribution, etc. 2008
300 ## - PHYSICAL DESCRIPTION
Other physical details 380
650 ## - SUBJECT ADDED ENTRY--TOPICAL TERM
Topical term or geographic name entry element CIRCUITRY
Holdings
Withdrawn status Lost status Damaged status Not for loan Collection code Home library Current library Shelving location Date acquired Full call number Barcode Date last seen Price effective from Koha item type
        Electronics and Communication Engineering Central Library Central Library Book Cart 02/18/2022 621.395 KAR 12486 02/18/2022 02/18/2022 Books

Powered by Koha